• 首页
  • 本馆介绍
  • 公告通知
  • 最新文献
  • 馆藏检索
  • 电子资源
  • 读者导购
  • 参考咨询
  • 我的图书馆
  • 登录
  • 详细信息显示
  • 放入我的书架
  • 预约/预借图书
  • 作者相关作品
  • 分类相关作品
  • 丛书相关作品
  • 出版社相关作品

书目信息

  • 表格格式
  • 工作单格式
  • 卡片格式
书名: Interacting with essays
作者: Charles E. May.
分册号:
分册名:
出版地: Lexington, Mass. :
 
出版社: D.C. Heath
出版时间: c1996.
页数: xiv, 349 p. ;
开本: 23 cm.
丛书名:
中图分类号:
科图分类号:
其他分类号: H05
主题词:
电子资源:
000 00930aam 2200301 a 4500
001 E0737889278
005 20070505103742.98
008 950419s1996 mau 001 0 eng
010    @a 95068935
020    @a0669355240 (pbk.).
020    @a0669416746 (Instructor's guide).
020    @a0669355240 (pbk.).
020    @a0669355259 (Instructor's ed.).
020    @a0669355240 (Student ed.).
040    @aDLC@cDLC
050 00 @aPN6142@b.I58 1996
090    @aI16/X7
090    @aH05
092    @aCN@b外院1-959
093    @aI16 @2 4
099    @dH05@ex9
245 00 @aInteracting with essays / @cCharles E. May.
260    @aLexington, Mass. :@bD.C. Heath,@cc1996.
300    @axiv, 349 p. ;@c23 cm.
500    @aCollection of essays with questions and editorial comments by Charles E. May.
650  0 @aEssays.
700 1  @aMay, Charles E.@q(Charles Edward),@d1941-
920    @a232010@z2
    
    Interacting with essays / / Charles E. May.-Lexington, Mass. : : D.C. Heath, , c1996.
    xiv, 349 p. ; ; 23 cm.
    Collection of essays with questions and editorial comments by Charles E. May.
    
    ISBN 0669355240 (pbk.).
    
●
相关链接 在E读中查询图书 在五车中查询图书 在当当中查询图书 在豆瓣中查询图书


正题名:Interacting with essays     索取号:H05/x9         预约/预借

序号 登录号 条形码 馆藏地/架位号 状态 备注
1 006567   300065676   第二样本阅览室/ [索取号:H05/x9] 在馆    
唐山师范学院图书馆 欢迎您!
大连网信软件有限公司© 版权所有